000 00550nam a22002057a 4500
003 OSt
005 20140310184425.0
008 131008t xxu||||| |||| 00| 0 eng d
020 _a9780545103763
050 _aPZ 7
_b.St857Gdr 2011
100 _aStilton, Geronimo
245 _aThe giant diamond robbery /
_bGeronimo Stilton.
260 _aNew York :
_bScholastic Inc.,
_c2011
300 _a105 p. :
_bill. col. ;
_c20 cm.
521 _aG3
526 _c570
650 _aFiction
_xJuvenile
_926638
942 _2lcc
_cBK-SCHOLAS
999 _c34299
_d34299